Statistics for Books and Authors #4

Click here to take the quiz!

General Stats

  • This quiz has been taken 44 times
  • The average score is 5 of 20

Answer Stats

BookAuthor% Correct
Black BeautyAnna Sewell
63%
The Girl with the Dragon TattooStieg Larsson
50%
I, ClaudiusRobert Graves
43%
HeidiJohanna Spyri
37%
King Solomon's MinesH. Rider Haggard
33%
The Bourne IdentityRobert Ludlum
33%
Where the Wild Things AreMaurice Sendak
30%
Ethan FromeEdith Wharton
27%
Battlefield EarthL. Ron Hubbard
27%
Pippi LongstockingAstrid Lindgren
23%
The Electric Kool-Aid Acid TestTom Wolfe
20%
The Golden NotebookDoris Lessing
17%
NauseaJean-Paul Sartre
17%
HolesLouis Sachar
13%
Tales from ShakespeareCharles Lamb
10%
Wives and DaughtersElizabeth Gaskell
3%
The TowerWilliam Butler Yeats
3%
Judas, My BrotherFrank Yerby
0%
King Arthur TalesGeoffrey of Monmouth
0%
The Boxcar ChildrenGertrude Chandler Warner
0%

Score Distribution

Percentile by Number Answered

Percent of People with Each Score

Your Score History

You have not taken this quiz